| 000 | 00375nam a2200133Ia 4500 | ||
|---|---|---|---|
| 003 | sisc | ||
| 005 | 20180220152944.0 | ||
| 008 | 180205s9999 xx 000 0 und d | ||
| 020 | _a9716857108 | ||
| 245 | 2 | _aA reviewer in genral education, professional and BEEd-content courses / | |
| 260 |
_aQuezon City _bLorimar publishing _c2011 |
||
| 300 | _a168 pages | ||
| 942 |
_2lcc _cBK |
||
| 999 |
_c354882 _d354882 |
||